000 00796cam a2200241 a 4500
001 000015564
003 DO-SdBNP
005 20251029133710.0
008 860501s1984 ve a f001 0 spa
040 _aDO-SdBNP
_bspa
_cDLC
_dBNPHU
049 _aBNGR
082 _a379.87
_bD383
245 0 3 _aLa Democratización de la inteligencia /
_cRepública de Venezuela.
260 _a[Caracas, Venezuela] :
_bPresidencia de la República,
_c[1984].
300 _a196 p. :
_bil. ;
_c20 cm.
650 7 _aEducación y estado
_951256
_zVenezuela
650 7 _aEducación y estado
_935119
650 0 _aEducación comparada
_94722
651 0 _aVenezuela
_xVida Intelectual
_926230
710 1 _aVenezuela.
_bPresidencia de la República.
_932690
910 _aCatalogación derivada
942 _2ddc
_cLBS1
999 _c15120
_d15120